Famous Irish People by Picture Quiz Stats

 Plays Quiz Updated Jul 13, 2017

Support Sporcle.
Go Orange.
Score 0/18 Timer 06:00
4 Plays Today
# Person % Correct
Bono
94.8%
Liam Neeson
85.4%
Pierce Brosnan
82%
Sinéad O'Connor
70.1%
Colin Farrell
63.5%
Oscar Wilde
60.3%
George Best
44.2%
Bob Geldof
43.5%
Enya
38.5%
# Person % Correct
James Joyce
36.6%
Van Morrison
32.9%
Ronan Keating
32.8%
Niall Horan
30.4%
Maureen O'Hara
30.1%
Alex Higgins
23.1%
W.B. Yeats
21.7%
Sharon Corr
20.6%
Evanna Lynch
13.9%

You're not logged in!

Compare scores with friends on all Sporcle quizzes.
OR
Log In
Forgot?

From the Vault

Joan Rivers Quotes

by Tootsnsuch

RIP Joan Rivers (1933-2014)
Remove Ads.
Support Sporcle.
Get the best of Sporcle when you Go Orange. This ad-free experience offers more features, more stats, and more fun while also helping to support Sporcle. Thank you for becoming a member.

Show Comments

Extras

Top Quizzes Today


Score Distribution

Your Account Isn't Verified!

In order to create a playlist on Sporcle, you need to verify the email address you used during registration. Go to your Sporcle Settings to finish the process.

Report this User

Report this user for behavior that violates our Community Guidelines.

Details: